000
00332nam a2200145Ia 4500
008
230718s9999 xx 000 0 und d
041
_a
Eng.
082
_a
332.63
_b
PRI-T
100
_a
Prince & Jimmy
245
0
_a
Taxation Pocket Guide
260
_a
Pakistan
_b
McGraw-Hill.
_c
2002
300
_a
152
650
_a
Law
999
_c
26143
_d
26143